[Event "S60329 Regular Quad"]
[Site "CCLA"]
[Date "2017.01.07"]
[Round "?"]
[White "Alvarez, Adrian Astur"]
[Black "Parenteau, Mike"]
[Result "1-0"]
[WhiteElo "1460"]
[BlackElo "1618"]

1. d4 f5 2. Nc3 Nf6 3. Bg5 d5 4. Bxf6 exf6 5. e3 Be6 6. Bd3 Nc6 7. Qf3 Qd7
8. a3 O-O-O 9. Nge2 g5 10. h3 h5 11. h4 g4 12. Qg3 Bd6 13. Nf4 a6 14. b4 
Ne7 15. Kd2 Ng6 16. Kc1 c6 17. Nce2 Rde8 18. f3 Qc7 19. fxg4 Nxf4 20. Nxf4
Bxf4 21. exf4 fxg4 22. Kb2 Qd6 23. Qf2 Bd7 24. Rhe1 Re7 25. Rxe7 Qxe7 26. 
Re1 Qd6 27. g3 Kc7 28. Qd2 Re8 29. Bg6 Rh8 30. Qe3 Re8 31. Bxe8 1-0

[Event "S60201 Summer Series"]
[Site "CCLA"]
[Date "2016.07.31"]
[Round "?"]
[White "Edwards, Ken"]
[Black "Quirk, Michael"]
[Result "1-0"]
[WhiteElo "2287"]
[BlackElo "2166"]

1. d4 f5 2. Nc3 Nf6 3. Bg5 d5 4. Bxf6 exf6 5. e3 Be6 6. Bd3 Nc6 7. Nge2 
Qd7 8. Nf4 Bf7 9. Bb5 a6 10. Bxc6 Qxc6 11. a3 h5 12. Qd3 g5 13. Nfe2 Bg6 
14. h4 O-O-O 15. O-O-O Rg8 16. Qd2 Bd6 17. Kb1 Rde8 18. Rde1 Qc4 19. hxg5 
fxg5 20. f4 Bf7 21. fxg5 Rxg5 22. e4 Rxg2 23. e5 Be7 24. Qf4 Rg5 25. Rhg1 
Reg8 26. Rxg5 Rxg5 27. e6 Be8 28. Qe5 f4 29. Qh8 Kd8 30. Nxf4 b6 31. Nce2 
Qc6 32. Rh1 Rf5 33. Rg1 Qd6 34. Rg8 Rf8 35. Rxf8 Bxf8 36. Qf6+ Be7 37. Qf5
c6 38. Ng1 h4 39. Nf3 Qc7 40. Qg4 Bd6 41. Qxh4+ Qe7 42. Qh6 Qf8 43. Qg5+ 
Qe7 44. Qg4 Qf6 45. Ne5 Ke7 46. Ned3 Kd8 47. Ka1 Ke7 48. c3 a5 49. a4 Bb8 
50. Ka2 Bd6 51. Kb3 Bc7 52. Kc2 Bd6 53. Kb1 Kd8 54. Ka2 Ke7 55. Kb3 Bc7 
56. Ka3 Bd6+ 57. Ka2 Bc7 58. b4 Bxf4 59. Qxf4 Qxf4 60. Nxf4 Kf6 61. Ka3 
Kf5 62. bxa5 bxa5 63. Nd3 Kxe6 64. Nc5+ Kd6 65. Nb7+ Kc7 66. Nxa5 Bh5 67. 
Kb4 Bd1 68. Nb3 Be2 69. a5 Kd6 70. Nc5 Kc7 71. Kb3 Bc4+ 72. Kc2 Kb8 73. 
Kd2 Ka7 74. Ke3 Kb8 75. Kf4 Kc7 76. Ke5 Bf1 77. Ke6 Bb5 78. Ke7 Bc4 79. 
Ke6 Bb5 80. a6 Kb6 81. Kd6 Bc4 82. a7 1-0

[Event "S60231 Summer Series"]
[Site "CCLA"]
[Date "2016.07.31"]
[Round "?"]
[White "Perry, William E."]
[Black "Cangelosi, Dominic"]
[Result "1-0"]
[WhiteElo "1493"]
[BlackElo "1417"]

1. d4 f5 2. Nf3 e6 3. Bf4 Nf6 4. e3 d5 5. c4 c6 6. Nc3 Bb4 7. a3 Ba5 8. 
Bd3 Ne4 9. Bxe4 fxe4 10. Ne5 Nd7 11. Qh5+ Kf8 12. Qf7# 1-0

[Event "S67119 Gustafson Memorial Open"]
[Site "CCLA"]
[Date "2016.11.20"]
[Round "?"]
[White "Benson, Katie J."]
[Black "Dolan, Bruce"]
[Result "0-1"]
[WhiteElo "1197"]
[BlackElo "1312"]

1. d4 f5 2. Nf3 Nf6 3. Bg5 e6 4. e3 d5 5. Bb5+ c6 6. Bxf6 Qxf6 7. Be2 Bd6 
8. O-O Nd7 9. Nc3 O-O 10. Ne5 Nxe5 11. dxe5 Bxe5 12. Qe1 Bxc3 13. Qxc3 
Qxc3 14. bxc3 b5 15. f4 Kf7 16. a4 Ba6 17. axb5 Bxb5 18. Bxb5 cxb5 19. 
Rfb1 Rfb8 20. Kf2 a6 21. Ra2 Rc8 22. Rb3 Rc5 23. h3 a5 0-1

[Event "S67109 Gustafson Memorial Open"]
[Site "CCLA"]
[Date "2016.11.20"]
[Round "?"]
[White "Lines, Daniel"]
[Black "Cangelosi, Dominic"]
[Result "1/2-1/2"]
[WhiteElo "1413"]
[BlackElo "1401"]

1. d4 f5 2. g3 d5 3. Bg2 c6 4. Bf4 e6 5. Nc3 Nf6 6. Nf3 Bb4 7. Bd2 O-O 8. 
O-O Nbd7 9. Ne5 Nxe5 10. dxe5 Bxc3 11. Bxc3 Ne4 12. Bxe4 fxe4 13. e3 Rf3 
14. b3 Qf8 15. b4 Bd7 16. a3 Be8 17. h3 Qf5 18. Kh2 Bh5 19. Qe1 g5 20. Bd4
b6 21. a4 Be8 22. g4 Qf7 23. Kg2 Bd7 24. a5 b5 25. Bc5 a6 26. Rh1 Kg7 27. 
Rf1 Rh8 28. Rh1 h6 1/2-1/2

[Event "S60211 Summer Series"]
[Site "CCLA"]
[Date "2016.07.31"]
[Round "?"]
[White "Kappel, Ray D."]
[Black "Shannon, Paul D."]
[Result "0-1"]
[WhiteElo "1657"]
[BlackElo "1828"]

1. Nf3 f5 2. d4 Nf6 3. g3 e6 4. Bg2 d5 5. b3 c6 6. O-O Ne4 7. Bb2 Nd7 8. 
Nbd2 Ndf6 9. Nxe4 Nxe4 10. Ne5 Bd6 11. Bxe4 dxe4 12. e3 O-O 13. f3 exf3 
14. Qxf3 Bd7 15. c4 Be8 16. e4 Bxe5 17. dxe5 Bg6 18. exf5 Bxf5 19. Rad1 
Qe7 20. Qe3 c5 21. Rd6 b6 22. Rfd1 Bh3 23. Rd7 Qxd7 0-1

[Event "S67069 Gustafson Memorial Open"]
[Site "CCLA"]
[Date "2016.11.20"]
[Round "?"]
[White "Avery, Bryce"]
[Black "Hey, Brian"]
[Result "1-0"]
[WhiteElo "1637"]
[BlackElo "1668"]

1. d4 f5 2. e4 fxe4 3. Nc3 Nf6 4. f3 d5 5. fxe4 dxe4 6. Bc4 Nc6 7. Nge2 
Bg4 8. Be3 Qd7 9. h3 Bxe2 10. Nxe2 e6 11. O-O O-O-O 12. c3 e5 13. Qb3 Na5 
14. Be6 Nxb3 15. Bxd7+ Nxd7 16. axb3 exd4 17. Nxd4 Bc5 18. b4 Bb6 19. c4 
a6 20. c5 Nxc5 21. bxc5 Bxc5 22. Rad1 Rd5 23. Nf5 Bxe3+ 24. Nxe3 Rxd1 25. 
Rxd1 Rd8 26. Rxd8+ Kxd8 27. Kf2 Kd7 28. Nf5 g6 29. Ng3 Kc6 30. Nxe4 Kb5 
31. Ke3 c5 32. Kd2 Kc6 33. g4 h6 34. h4 Kd5 35. Ke3 b5 36. Nf6+ Ke6 37. 
Ng8 h5 38. g5 Kf5 39. Ne7+ Ke6 40. Nxg6 a5 41. Nf4+ Kf5 42. Nxh5 a4 43. 
Ng3+ Ke6 44. Ne2 b4 45. Kd3 1-0

[Event "S67109 Gustafson Memorial Open"]
[Site "CCLA"]
[Date "2016.11.20"]
[Round "?"]
[White "Sanchez, David A."]
[Black "Cangelosi, Dominic"]
[Result "1-0"]
[WhiteElo "1419"]
[BlackElo "1401"]

1. d4 f5 2. e4 fxe4 3. Nc3 Nf6 4. Bg5 d5 5. Bxf6 exf6 6. Qh5+ g6 7. Qxd5 
Nc6 8. Qxe4+ Qe7 9. Qxe7+ Bxe7 10. Bb5 Bd7 11. Nf3 O-O-O 12. O-O-O Rhe8 
13. h3 Bb4 14. Nd5 Be7 15. Rhe1 Bd6 16. Nxf6 Bf4+ 17. Kb1 Rxe1 18. Rxe1 h5
19. Nxd7 Rxd7 20. Re8+ Rd8 21. Bxc6 bxc6 22. Rxd8+ Kxd8 23. Ne5 Bxe5 24. 
dxe5 g5 25. h4 g4 26. f4 gxf3 27. gxf3 Ke7 28. f4 Ke6 29. Kc1 c5 30. c4 c6
31. Kc2 a6 32. Kb3 Kf5 33. Ka4 1-0

[Event "S60231 Summer Series"]
[Site "CCLA"]
[Date "2016.07.31"]
[Round "?"]
[White "Alvarez, Adrian Astur"]
[Black "Cangelosi, Dominic"]
[Result "1-0"]
[WhiteElo "1460"]
[BlackElo "1417"]

1. d4 d5 2. c4 e6 3. Nc3 f5 4. cxd5 exd5 5. Bf4 Nf6 6. e3 Bb4 7. Qc2 Ne4 
8. Be2 Nd7 9. Nf3 Ndf6 10. Qa4+ Bd7 11. Qxb4 a5 12. Qxb7 Rb8 13. Qa6 c6 
14. Bxb8 Qxb8 15. O-O O-O 16. Rab1 Ng4 17. h3 Ngxf2 18. Nxe4 Nxe4 19. Ne5 
Ng3 20. Nxd7 Nxe2+ 21. Qxe2 1-0

[Event "S60061 Winter Series"]
[Site "CCLA"]
[Date "2016.01.28"]
[Round "?"]
[White "McLaughlin, Ed"]
[Black "Perry, William E."]
[Result "1-0"]
[WhiteElo "1633"]
[BlackElo "1493"]

1. d4 f5 2. c4 Nf6 3. Nc3 g6 4. Qc2 Bg7 5. Nf3 d6 6. Bg5 O-O 7. e3 c6 8. 
Bd3 Qe8 9. O-O e5 10. dxe5 dxe5 11. e4 f4 12. Qd2 Bg4 13. Ne1 Nbd7 14. f3 
Be6 15. Rd1 Nc5 16. b3 h6 17. Bh4 g5 18. Bf2 Nxd3 19. Nxd3 g4 20. Nc5 b6 
21. Nxe6 Qxe6 22. Qd6 Qxd6 23. Rxd6 c5 24. Bh4 gxf3 25. gxf3 Kh7 26. Rfd1 
Rg8 27. Kh1 Ne8 28. Rd7 Kh8 29. Nd5 Rf8 30. Ne7 Bf6 31. Bxf6+ Rxf6 32. Rd8
Rxd8 33. Rxd8 Rf8 34. Ng6+ Kg7 35. Nxf8 Kxf8 36. Rd5 1-0

[Event "S67069 Gustafson Memorial Open"]
[Site "CCLA"]
[Date "2016.11.20"]
[Round "?"]
[White "Avery, Bryce"]
[Black "Siegfried, Will"]
[Result "1/2-1/2"]
[WhiteElo "1637"]
[BlackElo "1728"]

1. c4 f5 2. Nc3 Nf6 3. d4 d6 4. Bg5 Nbd7 5. e3 g6 6. Nf3 Bg7 7. Qc2 O-O 8.
 Be2 h6 9. Bh4 e5 10. dxe5 dxe5 11. Rd1 e4 12. Nd4 Re8 13. O-O c6 14. b4 
Qc7 15. a4 Nf8 16. b5 Ne6 17. Bg3 Nxd4 18. exd4 f4 19. d5 fxg3 20. d6 
gxh2+ 21. Kxh2 Qf7 22. c5 Bd7 23. bxc6 bxc6 24. Nb5 cxb5 25. axb5 Nd5 26. 
Rxd5 Be5+ 27. Kg1 Qf6 28. c6 Be6 29. Rdd1 Qh4 30. g3 Bxg3 31. fxg3 Qxg3+ 
32. Kh1 Qh3+ 1/2-1/2

[Event "S60061 Winter Series"]
[Site "CCLA"]
[Date "2016.01.28"]
[Round "?"]
[White "Cangelosi, Dominic"]
[Black "Perry, William E."]
[Result "0-1"]
[WhiteElo "1417"]
[BlackElo "1493"]

1. d4 f5 2. c4 Nf6 3. Nc3 g6 4. g3 Bg7 5. Bg2 O-O 6. Qb3 c6 7. Bf4 Kh8 8. 
Nf3 Nh5 9. Bg5 d6 10. Qc2 Qe8 11. Qd2 e5 12. Bh6 e4 13. Bxg7+ Kxg7 14. Ng5
Be6 15. d5 cxd5 16. cxd5 Bd7 17. Qd4+ Kg8 18. g4 Nf4 19. Bf1 h6 20. h4 
hxg5 21. hxg5 Qe5 22. Qxe5 dxe5 23. e3 Nd3+ 24. Bxd3 exd3 25. Kd2 Rf7 26. 
Rh6 Rg7 27. Rah1 Kf7 28. gxf5 Bxf5 29. Nb5 Na6 30. Nd6+ Ke7 31. Nxf5+ gxf5
32. Re6+ Kd7 33. Rh5 Re8 34. Rf6 e4 35. Rxf5 Nb4 36. Rh6 Nxa2 37. Rh1 a6 
38. Ra1 Nb4 39. Ra4 Nc2 40. Rc4 Ree7 41. b4 Rgf7 42. Rf4 Kd6 43. Rxf7 Rxf7
44. g6 Rg7 0-1

[Event "S60211 Summer Series"]
[Site "CCLA"]
[Date "2016.07.31"]
[Round "?"]
[White "Zaas, Joel"]
[Black "Shannon, Paul D."]
[Result "1-0"]
[WhiteElo "2076"]
[BlackElo "1828"]

1. d4 f5 2. c4 Nf6 3. g3 g6 4. Bg2 Bg7 5. Nc3 d6 6. Nf3 O-O 7. O-O c6 8. 
d5 e5 9. dxe6 Bxe6 10. Qd3 Na6 11. Ng5 Qe7 12. Bf4 Rad8 13. Rad1 Ng4 14. 
Nd5 cxd5 15. Nxe6 Nc5 16. Nxc5 dxc5 17. cxd5 b6 18. d6 Qd7 19. e4 fxe4 20.
 Qxe4 Nf6 21. Qc4+ Kh8 22. Rfe1 Rfe8 23. Bf3 h6 24. h4 Kh7 25. b4 Qa4 26. 
h5 Rxe1+ 27. Rxe1 g5 28. Qf7 Rd7 29. Qg6+ Kh8 30. Re8+ 1-0

[Event "S60099 Regular Quad"]
[Site "CCLA"]
[Date "2016.02.14"]
[Round "?"]
[White "Blankenship, Jerry T."]
[Black "Parenteau, Mike"]
[Result "1-0"]
[WhiteElo "1675"]
[BlackElo "1618"]

1. d4 f5 2. c4 Nf6 3. g3 g6 4. Nf3 Bg7 5. Nc3 O-O 6. Bg2 d6 7. O-O c6 8. 
d5 e5 9. dxe6 Bxe6 10. b3 Na6 11. Nd4 Bf7 12. e3 Re8 13. Bb2 Nc5 14. Qc2 
a5 15. Rad1 Ng4 16. h3 Nf6 17. Rfe1 Nfe4 18. Nde2 Qf6 19. Na4 Qe7 20. Nxc5
Nxc5 21. Bxg7 Kxg7 22. Rd4 d5 23. cxd5 Bxd5 24. Qc3 Kf7 25. Bxd5+ cxd5 26.
 Red1 b6 27. Rxd5 Qe4 28. Rd6 Re6 29. Nf4 Re5 30. Rxb6 1-0

[Event "S60329 Regular Quad"]
[Site "CCLA"]
[Date "2017.01.07"]
[Round "?"]
[White "Lavery, Thomas"]
[Black "Parenteau, Mike"]
[Result "0-1"]
[WhiteElo "1531"]
[BlackElo "1618"]

1. d4 f5 2. g3 Nf6 3. Bg2 g6 4. c4 Bg7 5. Nf3 O-O 6. O-O d6 7. Nc3 c6 8. 
Bg5 Qe8 9. Bxf6 Bxf6 10. e3 e5 11. dxe5 dxe5 12. Qe2 Be6 13. Rad1 Qf7 14. 
b3 Nd7 15. e4 Nc5 16. exf5 Bxf5 17. Qe3 Nd7 18. Ne4 Bxe4 19. Qxe4 a5 20. 
Rd2 Nc5 21. Qe2 Rfe8 22. Rfd1 e4 23. Ne1 Bc3 24. Rc2 Bb4 25. Qe3 Re7 26. 
a3 Bxa3 27. Ra2 Bb4 28. Bf1 Rf8 29. Ng2 Re6 30. Nf4 Rf6 31. Nh3 Rf3 32. 
Qe2 Rxb3 33. Nf4 Qf5 0-1

[Event "S67049 Gustafson Memorial Open"]
[Site "CCLA"]
[Date "2016.11.20"]
[Round "?"]
[White "Cacas, Alexander"]
[Black "Anderson, Clarence"]
[Result "1-0"]
[WhiteElo "1878"]
[BlackElo "1853"]

1. d4 f5 2. g3 e6 3. Bg2 Nf6 4. Nf3 Be7 5. O-O O-O 6. c4 d6 7. Nc3 Ne4 8. 
Qc2 Nxc3 9. Qxc3 a5 10. Be3 Bf6 11. Rad1 Qe8 12. Qc2 Nc6 13. d5 Nb4 14. 
Qb1 exd5 15. cxd5 Qe4 16. Qxe4 fxe4 17. Ng5 Bxb2 18. Nxe4 a4 19. Rb1 a3 
20. Bc1 Bxc1 21. Rfxc1 Na6 22. Rb3 Rb8 23. Rxa3 Bf5 24. Nd2 Rbe8 25. e3 
Nc5 26. Nb3 b6 27. Nd4 Bg6 28. Nb5 Re7 29. Ra7 Rff7 30. Nd4 Rxf2 31. Kxf2 
Nd3+ 32. Ke2 Nxc1+ 33. Kd2 Nd3 34. Ne6 h6 35. Ra8+ 1-0

[Event "S67059 Gustafson Memorial Open"]
[Site "CCLA"]
[Date "2016.11.20"]
[Round "?"]
[White "Shannon, Paul D."]
[Black "Catania, Duane"]
[Result "0-1"]
[WhiteElo "1815"]
[BlackElo "1779"]

1. d4 e6 2. Nf3 b6 3. e4 Bb7 4. Bd3 d6 5. O-O Be7 6. Re1 Nf6 7. Nbd2 Nbd7 
8. Nf1 O-O 9. Ng3 Re8 10. c4 c5 11. d5 Qc7 12. Bd2 Rad8 13. Qc2 Nf8 14. 
Rad1 e5 15. Nf5 Bc8 16. Nxe7+ Qxe7 17. h3 Ng6 18. Bf1 h6 19. g3 Nh5 20. 
Bg2 Nf6 21. a3 Bd7 22. Nh2 Rb8 23. b4 cxb4 24. axb4 Rec8 25. Qa2 Rc7 26. 
b5 Rbc8 27. Rc1 Nh7 28. Nf1 Ng5 29. Kh2 Qf6 30. f3 Nxf3+ 31. Bxf3 Qxf3 32.
 Bb4 Bxb5 33. Bxd6 Rxc4 34. Rxc4 Rxc4 35. Qg2 Qf6 36. Ne3 Qxd6 0-1

[Event "S60139 Server NA Class A Ch"]
[Site "CCLA"]
[Date "2016.05.12"]
[Round "?"]
[White "Shannon, Paul D."]
[Black "Evans, Stanley W."]
[Result "0-1"]
[WhiteElo "1828"]
[BlackElo "1882"]

1. Nf3 Nc6 2. d4 d6 3. e4 Nf6 4. Nbd2 g6 5. c3 Bg7 6. Bd3 O-O 7. O-O e5 8.
 Re1 Nd7 9. Nb3 exd4 10. cxd4 Nb4 11. Bf1 Nc6 12. Bg5 f6 13. Bh4 a5 14. 
Bc4+ Kh8 15. e5 Nb6 16. Bb5 a4 17. Nbd2 g5 18. exf6 Bxf6 19. Bxc6 bxc6 20.
 Bg3 g4 21. Ne5 dxe5 22. Bxe5 Bxe5 23. dxe5 Qd4 0-1

[Event "S60139 Server NA Class A Ch"]
[Site "CCLA"]
[Date "2016.05.12"]
[Round "?"]
[White "Vecchio, Ralph"]
[Black "Evans, Stanley W."]
[Result "1/2-1/2"]
[WhiteElo "1839"]
[BlackElo "1882"]

1. e4 Nc6 2. Nf3 d6 3. d4 Nf6 4. d5 Ne5 5. Nxe5 dxe5 6. Nc3 e6 7. Bb5+ Bd7
8. dxe6 Bxb5 9. Qxd8+ Rxd8 10. Nxb5 fxe6 11. Nxc7+ Kf7 12. Nb5 Rc8 13. Nc3
Bb4 14. O-O Bxc3 15. bxc3 Nxe4 16. Rb1 b6 17. Re1 Nxc3 18. Rb3 Rhd8 19. 
Bb2 Nd5 20. Bxe5 Rxc2 21. Ra3 a5 22. Rg3 Nf6 23. a3 Rdd2 24. Rf3 Rd5 
1/2-1/2

[Event "S60031 Winter Series"]
[Site "CCLA"]
[Date "2016.01.28"]
[Round "?"]
[White "Ragan, Anthony"]
[Black "Evans, Stanley W."]
[Result "1/2-1/2"]
[WhiteElo "1822"]
[BlackElo "1882"]

1. e4 Nc6 2. Nf3 d6 3. d4 Nf6 4. Nc3 g6 5. Bb5 a6 6. Ba4 b5 7. Bb3 Bg7 8. 
h3 Na5 9. O-O Bb7 10. e5 dxe5 11. Nxe5 Nxb3 12. axb3 O-O 13. Re1 e6 14. 
Bg5 h6 15. Bxf6 Bxf6 16. Qg4 Bg7 17. Qf4 Qg5 18. Qxg5 hxg5 19. Ne4 Bxe5 
20. dxe5 Bxe4 21. Rxe4 Rfd8 22. Kf1 Rd2 23. Re2 Rd5 24. Ke1 Rad8 25. b4 
Kg7 26. c3 c5 1/2-1/2

[Event "S60051 Winter Series"]
[Site "CCLA"]
[Date "2016.01.28"]
[Round "?"]
[White "Smiley, William R."]
[Black "Disque, Philip"]
[Result "0-1"]
[WhiteElo "1563"]
[BlackElo "1663"]

1. e4 Nc6 2. d4 e5 3. d5 Nce7 4. Nf3 Ng6 5. Be2 Nf6 6. Nc3 a6 7. a3 Bc5 8.
 O-O d6 9. Bg5 Bd7 10. h3 Qb8 11. Bd3 Qa7 12. Bxf6 gxf6 13. Ne2 O-O-O 14. 
b4 Bb6 15. c4 Rdg8 0-1

[Event "S60159 Server NA Class C Ch"]
[Site "CCLA"]
[Date "2016.05.12"]
[Round "?"]
[White "Gunning, Edward E."]
[Black "Nurmi, Ronald"]
[Result "1/2-1/2"]
[WhiteElo "1469"]
[BlackElo "1480"]

1. e4 d5 2. Bd3 dxe4 3. Bxe4 Nf6 4. Nc3 Nxe4 5. Nxe4 Bf5 6. Qe2 e6 7. d3 
Nd7 8. Nf3 h6 9. O-O Be7 10. d4 O-O 11. c3 Nf6 12. Nxf6+ Bxf6 13. Ne5 c6 
14. Bf4 Rc8 15. g4 Bh7 16. Kh1 Qd5+ 17. f3 c5 18. Rfd1 b6 19. c4 Qb7 20. 
d5 exd5 21. Rxd5 Rfe8 22. Rg1 Bxe5 23. Bxe5 f6 24. Rg3 Rxe5 25. Rxe5 fxe5 
26. Qxe5 Bg6 27. h4 Re8 28. Qc3 Qe7 29. g5 Qe1+ 30. Qxe1 Rxe1+ 31. Kh2 
Re2+ 32. Kh1 Rxb2 33. gxh6 gxh6 34. Rxg6+ Kh7 35. Rg2 Rb1+ 36. Rg1 Rb4 37.
 Rc1 Rb2 38. Rc3 Re2 39. a3 Kg6 40. Kg1 Kf5 41. Rd3 Kf4 42. Kf1 Rh2 43. h5
Rxh5 44. Kg2 Rg5+ 45. Kf2 Rg3 46. Re3 Rg7 47. Re4+ Kf5 48. Rh4 Kg5 49. 
Rg4+ Kf6 50. Rf4+ Ke5 51. Rf8 Kd4 52. Rf4+ Kc3 53. Rh4 Rg6 54. f4 Kb3 55. 
f5 Rf6 56. Rf4 Kxa3 57. Ke3 a5 58. Ke4 a4 59. Ke5 Rf8 60. Ke6 Kb3 61. Ke7 
Rh8 62. f6 a3 63. Rf3+ Kb2 64. Rf2+ Kb1 65. Rf1+ Kb2 66. Rf2+ Kb1 67. Rf1+
Kb2 1/2-1/2

[Event "S60119 Premier Quad"]
[Site "CCLA"]
[Date "2016.05.09"]
[Round "?"]
[White "Haase, F. Philip"]
[Black "Shannon, Paul D."]
[Result "1-0"]
[WhiteElo "1959"]
[BlackElo "1828"]

1. e4 d5 2. exd5 Qxd5 3. Nf3 Bg4 4. Be2 Nc6 5. O-O O-O-O 6. h3 Bh5 7. d3 
e5 8. Nc3 Qd7 9. Nxe5 Bxe2 10. Qxe2 Nxe5 11. Qxe5 Ne7 12. Be3 Nc6 13. Qb5 
Be7 14. Rad1 a6 15. Qc4 f5 16. d4 g5 17. d5 Nb8 18. f4 g4 19. hxg4 fxg4 
20. f5 h5 21. f6 Bd6 22. Na4 b5 23. Nb6+ Kb7 24. Nxd7 bxc4 25. Nc5+ Bxc5 
26. Bxc5 Nd7 27. Be7 Rde8 28. Rde1 Nf8 29. f7 Rc8 30. Re4 Ng6 31. Bc5 Rcd8
32. Rf5 Kc8 33. Rf6 Nf8 34. Rxa6 1-0

[Event "S60139 Server NA Class A Ch"]
[Site "CCLA"]
[Date "2016.05.12"]
[Round "?"]
[White "Evans, Stanley W."]
[Black "Shannon, Paul D."]
[Result "1-0"]
[WhiteElo "1882"]
[BlackElo "1828"]

1. e4 d5 2. exd5 Qxd5 3. Nf3 Bg4 4. Be2 Nc6 5. d4 O-O-O 6. Be3 e6 7. O-O 
Nf6 8. c4 Qd7 9. Nbd2 h6 10. a3 g5 11. Ne5 Bxe2 12. Qxe2 Qe8 13. Nxc6 Qxc6
14. b4 Bg7 15. b5 Qd7 16. Rfd1 Ne8 17. Nb3 Nd6 18. a4 f5 19. c5 Ne4 20. 
Qc2 Qf7 21. f3 Nf6 22. c6 b6 23. a5 Nd5 24. Bf2 Kb8 25. axb6 cxb6 26. Ra4 
Rc8 27. Nc5 a5 28. Na6+ Ka7 29. Rda1 Rhd8 30. Rxa5 bxa5 31. Qc5+ Ka8 32. 
Rxa5 Qa7 33. b6 Nxb6 34. c7 Rd5 35. Qc6+ 1-0

[Event "S60231 Summer Series"]
[Site "CCLA"]
[Date "2016.07.31"]
[Round "?"]
[White "Sanchez, David A."]
[Black "Nurmi, Ronald"]
[Result "1/2-1/2"]
[WhiteElo "1426"]
[BlackElo "1477"]

1. e4 d5 2. exd5 Qxd5 3. Nc3 Qd6 4. Nf3 Nf6 5. d4 c6 6. Ne5 Nbd7 7. Bf4 
Nd5 8. Nxd5 Qxd5 9. c4 Qe4+ 10. Be3 Nxe5 11. dxe5 Qxe5 12. Qd4 Qxd4 13. 
Bxd4 Bf5 14. O-O-O f6 15. f4 Kf7 16. Bc3 b6 17. h3 e6 18. Bd3 Bxd3 19. 
Rxd3 Bc5 20. Rhd1 Rhe8 21. b4 Bf2 22. Rd7+ Re7 23. R7d6 Be3+ 24. Bd2 Bxd2+
25. R1xd2 Rc7 26. Re2 Re8 27. Red2 1/2-1/2

[Event "S67099 Gustafson Memorial Open"]
[Site "CCLA"]
[Date "2016.11.20"]
[Round "?"]
[White "Perry, William E."]
[Black "Nurmi, Ronald"]
[Result "1/2-1/2"]
[WhiteElo "1465"]
[BlackElo "1445"]

1. e4 d5 2. exd5 Qxd5 3. Nc3 Qd6 4. d4 Nf6 5. Nf3 c6 6. Ne5 Nbd7 7. Nc4 
Qc7 8. Qf3 Nb6 9. Bf4 Qd7 10. h3 Nxc4 11. Bxc4 Qxd4 12. Bb3 Bf5 13. O-O e6
14. Rad1 Qb6 15. Be3 Qc7 16. Rfe1 Bd6 17. g4 Bg6 18. Bg5 Nd5 19. Nxd5 cxd5
20. Qxd5 Bh2+ 21. Kg2 h6 22. Bh4 O-O 23. Qd7 Rfc8 24. Qxc7 Bxc7 25. Rd7 b6
26. Re2 Bf4 27. Bg3 Bxg3 28. Kxg3 Rd8 29. Red2 Rxd7 30. Rxd7 a5 31. Rb7 a4
32. Bc4 Bxc2 33. Rxb6 g5 34. b4 axb3 35. axb3 Rd8 36. b4 Kg7 37. b5 Rc8 
38. Bf1 Be4 39. Bg2 Bd3 40. Rc6 Rb8 41. b6 Ba6 42. b7 Bxb7 43. Rb6 Bxg2 
44. Rxb8 Be4 45. Rb4 1/2-1/2

[Event "S67049 Gustafson Memorial Open"]
[Site "CCLA"]
[Date "2016.11.20"]
[Round "?"]
[White "Anderson, Clarence"]
[Black "Ragan, Anthony"]
[Result "1-0"]
[WhiteElo "1853"]
[BlackElo "1799"]

1. e4 d5 2. exd5 Qxd5 3. Nc3 Qd6 4. d4 Nf6 5. Nf3 c6 6. Ne5 Nbd7 7. Nc4 
Qc7 8. Qf3 Nb6 9. Bf4 Qd7 10. Nxb6 axb6 11. O-O-O e6 12. Be5 Nd5 13. Bc4 
f6 14. Bf4 Be7 15. Rhe1 b5 16. Bb3 b4 17. Na4 O-O 18. Bxd5 Qxd5 19. Qxd5 
cxd5 20. Nb6 Rxa2 21. Nxd5 Ra1+ 22. Kd2 Rxd1+ 23. Kxd1 Bd8 24. Nxb4 Ba5 
25. Bd2 Rd8 26. Nd3 Bxd2 27. Kxd2 Rxd4 28. Kc3 e5 29. f4 Rd6 30. fxe5 Rc6+
31. Kd2 Kf7 32. exf6 Kxf6 33. h3 h5 34. Re5 g5 35. Rc5 Rxc5 36. Nxc5 Bf5 
37. Nd3 Be4 38. Ne1 Ke5 39. Ke3 b5 40. c3 h4 41. Nf3+ Kf5 42. Nd4+ Ke5 43.
 Kf2 Kd5 44. Nxb5 Bd3 45. Nd4 Ba6 46. Nf3 1-0

[Event "S60061 Winter Series"]
[Site "CCLA"]
[Date "2016.01.28"]
[Round "?"]
[White "Laaman, Thomas"]
[Black "Nurmi, Ronald"]
[Result "1-0"]
[WhiteElo "1633"]
[BlackElo "1477"]

1. e4 d5 2. exd5 Qxd5 3. Nc3 Qd6 4. d4 Nf6 5. Bc4 c6 6. Nf3 Be6 7. Ne5 
Bxc4 8. Nxc4 Qd8 9. O-O e6 10. Bg5 Be7 11. Re1 O-O 12. Ne5 Nbd7 13. Qf3 
Nb6 14. Rad1 Nbd5 15. Nxd5 cxd5 16. c3 Rc8 17. Bxf6 Bxf6 18. Ng4 Be7 19. 
Qg3 Bd6 20. Qh3 b5 21. a3 a6 22. Ne5 Rc7 23. Rd3 Re7 24. Nc6 Qc7 25. Nxe7+
Bxe7 26. g4 Bg5 27. Qg3 Qd7 28. f4 Bd8 29. g5 g6 30. h4 f5 31. Qh2 Rf7 32.
 Rde3 Re7 33. h5 Rg7 34. Rxe6 1-0

[Event "S67049 Gustafson Memorial Open"]
[Site "CCLA"]
[Date "2016.11.20"]
[Round "?"]
[White "Thomas, Gerald K."]
[Black "Ragan, Anthony"]
[Result "0-1"]
[WhiteElo "1943"]
[BlackElo "1799"]

1. e4 d5 2. exd5 Qxd5 3. Nc3 Qd6 4. d4 Nf6 5. Be2 a6 6. Bf3 Nc6 7. Nge2 
Bf5 8. Bf4 Qd7 9. h3 O-O-O 10. Qd2 e6 11. O-O Bd6 12. Bxd6 Qxd6 13. Qf4 
Qxf4 14. Nxf4 Nxd4 15. Bd1 Nxc2 16. Bxc2 Bxc2 17. Rac1 Bf5 18. Rfd1 Rxd1+ 
19. Rxd1 Rd8 20. Rxd8+ Kxd8 21. g4 Bc2 22. g5 Nd7 23. f3 e5 24. Nfe2 f5 
25. Kf2 Ke7 26. Ke3 f4+ 27. Kd2 Bf5 28. h4 Nc5 29. Nc1 Kd6 30. b4 Ne6 31. 
a4 Nd4 32. Ne4+ Kc6 33. b5+ axb5 34. axb5+ Kxb5 35. Nc3+ Kc4 0-1

[Event "S60041 Winter Series"]
[Site "CCLA"]
[Date "2016.01.28"]
[Round "?"]
[White "Catania, Duane"]
[Black "Anderson, Clarence"]
[Result "0-1"]
[WhiteElo "1779"]
[BlackElo "1853"]

1. e4 d5 2. exd5 Qxd5 3. Nc3 Qd6 4. Bc4 Nf6 5. Nge2 a6 6. d3 b5 7. Bb3 Bb7
8. O-O Nbd7 9. Bf4 e5 10. Bg3 Qc6 11. f3 Bc5+ 12. Bf2 Bxf2+ 13. Rxf2 Nc5 
14. Qd2 a5 15. Qg5 O-O 16. Ng3 h6 17. Qxe5 Rfe8 18. Qf4 a4 19. Bxf7+ Kxf7 
20. Nge4 Ne6 21. Qf5 Nd4 22. Qf4 Rad8 23. Nxf6 gxf6 24. Qxh6 Rh8 25. Qf4 
Qb6 26. Kf1 Ne6 27. Qf5 Rxh2 28. Ke1 Rh1+ 29. Rf1 Rxf1+ 30. Kxf1 Rh8 0-1

[Event "S67099 Gustafson Memorial Open"]
[Site "CCLA"]
[Date "2016.11.20"]
[Round "?"]
[White "Acosta, Errol"]
[Black "Nurmi, Ronald"]
[Result "1/2-1/2"]
[WhiteElo "1462"]
[BlackElo "1445"]

1. e4 d5 2. exd5 Qxd5 3. Nc3 Qd6 4. Nf3 Nf6 5. d4 c6 6. Be3 Bg4 7. Bd3 
Nbd7 8. O-O e6 9. Ne4 Nxe4 10. Bxe4 Nb6 11. c3 Be7 12. h3 Bh5 13. Qd3 Bg6 
14. Bxg6 hxg6 15. Ne5 O-O 16. f4 Nd5 17. Bd2 Rad8 18. Kh2 Nf6 19. g4 b5 
20. Rf2 a6 21. Raf1 Nd7 22. Nxd7 Rxd7 23. Qe4 Bd8 24. Kg2 Qd5 25. Qxd5 
Rxd5 26. f5 gxf5 27. g5 g6 28. h4 Be7 29. Re2 Kg7 30. Re5 Rh8 31. Rh1 Rxe5
32. dxe5 Rd8 33. Be3 Rd5 34. Bf4 Rd8 35. Kf2 Bc5+ 36. Ke2 Bb6 37. Rd1 Rxd1
38. Kxd1 Bf2 39. Kd2 Bxh4 40. b4 Bf2 1/2-1/2

[Event "S67079 Gustafson Memorial Open"]
[Site "CCLA"]
[Date "2016.11.20"]
[Round "?"]
[White "Strelecky, Rich"]
[Black "Capuzzi, Gabriele"]
[Result "1-0"]
[WhiteElo "1652"]
[BlackElo "1629"]

1. e4 d5 2. exd5 Qxd5 3. Nc3 Qa5 4. d4 Nf6 5. Nf3 Bg4 6. Be2 e6 7. O-O c6 
8. a3 Be7 9. Re1 O-O 10. Bf4 Nbd7 11. b4 Qd8 12. h3 Bf5 13. Nh4 Bg6 14. 
Nxg6 hxg6 15. b5 cxb5 16. Nxb5 a6 17. Nd6 Qb6 18. Rb1 Qc6 19. Bf3 Nd5 20. 
Bxd5 Qxd5 21. Rxb7 Rfd8 22. c4 Qa5 23. a4 Bxd6 24. Bxd6 Nf6 25. Bc7 Qc3 
26. Bxd8 Rxd8 27. Rb3 Qxc4 28. Rd3 Nd5 29. Re5 Rd6 30. a5 f6 31. Re4 Nc3 
32. Qc2 Rc6 33. Rg4 Qb5 34. Rxc3 Rxc3 35. Qxc3 1-0